=LDR 00000nam 2200000 4500 =001 INLIS000000000009003 =005 20130612100828 =008 ***********************************Ind** =035 ##$$0010-061300000009003 =041 ##$$a Ind =082 ##$$a 620.8 =090 ##$$a 620.8, Nas b =100 ##$$a Nasir, M =245 ##$$a Bioteknologi potensi dan keberadaannya dalam bidang pertanian, M. Nasir =260 ##$$a 2002 $b Jakarta =300 ##$$a xiv, 286 hlm., 21 cm =650 ##$$a Bioteknologi =850 ##$$a NBPNMAT =990 ##$$a 0001/BPAP-NTB/20142015